Fußball mit "T" - Statistiken

Allgemein
  • Dieses Quiz wurde 163 mal gespielt
  • Das Durchschnittsergebnis liegt bei 13 aus 16
Antwortstatistiken
Hinweis Antwort % Korrekt
Die beste Platzierung dieser Nationalmannschaft war Platz 3 bei der WM 2002 Türkei
99%
Position von Iker Casillas, Oliver Kahn oder Gianluigi Buffon Torwart
96%
Vorgang des Verkaufs eines Spielers von einem Verein zu einem anderen Transfer
96%
Die Süd-______ im Dortmunder Stadion hat europaweit die meisten Stehplätze Tribüne
96%
In der Bundesliga entscheidet dieser Wert über die Platzierung einer Mannschaft, wenn sie mit anderen punktgleich ist Tordifferenz
93%
Auf schnellem Kurzpassspiel basierender Spielstil, der von Pep Guardiola geprägt wurde {Tiki}-{Taka}
89%
Stadtteil im Norden Londons, in dem der Europa-League-Sieger von 2025 beheimatet ist Tottenham
86%
Nenne einen der beiden mit "T" beginnenden Berliner Vereine, die bisher in der 1. Bundesliga gespielt haben Tennis Borussia | Tasmania
82%
Frauenfußballclub aus Potsdam, der 6x DDR-Meister und 6x gesamtdeutscher Meister war Turbine
82%
Der Spitzenreiter einer Liga nach einem Spieltag Tabellenführer
79%
Das 2009 eröffnete neue Stadion in Aachen trägt denselben Namen wie das alte Tivoli
76%
Das Nationalteam dieses Landes wird "Soca Warriors" genannt und qualifizierte sich 2006 zum bisher einzigen Mal für eine WM Trinidad & Tobago
70%
Rudi Völlers Spitzname {Tante} {Käthe}
68%
Langjähriger österreichischer Kommentator für die ARD und Sky Fritz von {Thurn} {und} {Taxis}
66%
Spanischer Club, der 1996/97 unter Trainer Jupp Heynckes ins Halbfinale des UEFA-Cups einzog CD {Tenerife}
61%
Bezeichnung für italienische Fußballfans Tifosi
58%
Keine übereinstimmenden Quizze gefunden
Verteilung der Resultate
Anzahl Personen mit jedem Resultat
Perzentil nach korrekt beantworteten Fragen
Ihre Resultats-Entwicklung
Sie haben dieses Quiz noch nicht gespielt